000 00192nam a2200085Ia 4500
008 170617s9999 xx 000 0 und d
100 _aNargady- Thomas
245 0 _aMedicinal Chemistery
260 _bOxford
260 _c2005
999 _c15199
_d15199